[Event "Stuttgart-chB int"]
[Site "Gerlingen"]
[Date "2007.05.17"]
[Round "2"]
[White "Goda, Robert Rene"]
[Black "Sievers, Gerda"]
[Result "1-0"]
[WhiteElo "1471"]
[BlackElo "1196"]
[PlyCount "80"]
[EventDate "2007.05.17"]
[EventType "swiss"]
[EventRounds "7"]
[EventCountry "GER"]
[SourceTitle "EXT 2018"]
[Source "ChessBase"]
[SourceDate "2017.10.13"]
[SourceVersion "1"]
[SourceVersionDate "2017.10.13"]
[SourceQuality "1"]

1. d4 f5 2. Nf3 Nf6 3. Bf4 d5 4. e3 g6 5. c4 c6 6. Nc3 Bg7 7. Qb3 0-0 8. cxd5 cxd5 9. Bb5 Nc6 10. 0-0 e6 11. Ne5 Nxe5 12. Bxe5 Bd7 13. Be2 b6 14. Rfc1 a6 15. Na4 Bxa4 16. Qxa4 b5 17. Qb4 Rf7 18. Rc6 Bf8 19. Qc3 Ne4 20. Qc2 Qe8 21. f3 Nf6 22. Rc1 Nd7 23. a4 Nxe5 24. dxe5 bxa4 25. Qxa4 a5 26. Bb5 Qe7 27. Ra6 Rxa6 28. Bxa6 Qa7 29. Qc4 Qxe3+ 30. Kf1 Qxe5 31. Bc8 Rc7 32. Re1 Qxh2 33. Bxe6+ Kg7 34. Qxd5 Qh1+ 35. Kf2 Qh4+ 36. Ke2 Qf6 37. Kf1 Qxb2 38. Qxa5 Qf6 39. Qd5 h5 40. Re2 Kh6 1-0